| 000 | 00585nam a2200241 a 4500 | ||
|---|---|---|---|
| 001 | nice12345678 | ||
| 003 | IN_TiNIC | ||
| 005 | 20260116012701.0 | ||
| 008 | 050524s1979 illa grp 000 0 eng | ||
| 020 |
_a _c25 |
||
| 082 | 0 | 0 |
_a232.8 _bGRO |
| 100 | _aGrogan, Geoffrey | ||
| 245 | _aWhat the Bible Teaches About Jesus | ||
| 260 |
_aIllinois _bTyndale House _c1979 |
||
| 300 | _a136p | ||
| 500 | _aincludes index and biblioraphy | ||
| 505 | 2 | _aIndex | |
| 650 | _aJesus Christ-Divinity | ||
| 700 | 1 | _aGrogan, Geoffrey | |
| 902 | _bSRS | ||
| 942 | _cBK | ||
| 999 |
_c7939 _d7939 |
||